| 000 | 00811cam a22002653a 4500 | ||
|---|---|---|---|
| 001 | 20058 | ||
| 003 | PGUSA | ||
| 005 | 20140828083426.0 | ||
| 008 | 061208s2006||||xxu|||||s|||||000 1 eng d | ||
| 040 |
_aPGUSA _beng |
||
| 042 | _adc | ||
| 050 | 4 | _aPR | |
| 100 | 1 |
_aChesterton, G. K. _q(Gilbert Keith), _d1874-1936 |
|
| 245 | 1 | 4 |
_aThe Napoleon of Notting Hill _h[electronic resource] / _cG. K. Chesterton |
| 260 |
_bProject Gutenberg, _c2006 |
||
| 506 | _aPublic domain in the USA. | ||
| 516 | _aElectronic text | ||
| 653 | _aPolitical fiction | ||
| 653 | _aNotting Hill (London, England) -- Fiction | ||
| 653 | _aFantasy fiction | ||
| 700 | 1 |
_aRobertson, W. Graham _q(Walford Graham), _d1866-1948 |
|
| 830 | 0 |
_aProject Gutenberg _v20058 |
|
| 856 | 4 | 0 | _uhttp://www.gutenberg.org/ebooks/20058 |
| 942 | _cEB | ||
| 999 |
_c249313 _d249313 |
||